000 00316 a2200157 4500
001 56396
020 _a8526246593
040 _cAnchieta - Pituba
100 _aAlencar, José de
240 1 0 _aIracema
_lpor
245 1 0 _aIracema
300 _a64
362 0 _a2002
650 4 _aFicção brasileira
942 _cBK
999 _c56396
_d56396